000 00974nmm a2200277 a 4500
001 ocm000589485
003 TR-IsHL
005 20201028121032.0
008 130705s2005 tu tur
007 cr cn
020 _a9789754100921
035 _a589485
_b(N$T)
050 0 4 _aDR592.C4
_bA44 2005
090 0 4 _aDR592.C4
_bA44 2005
245 1 0 _aAli Fuat Cebesoy'un arşivinden askeri ve siyasi belgeler
_h[electronic resource] /
_chaz. Osman Selim Kocahanoğlu
250 _a1. bs.
260 _aİstanbul :
_bTemel Yayınları,
_c2005
300 _a432 p.
650 4 _aTarih
650 4 _aHistory
650 0 _aTürkiye
_x Siyaset ve yönetim
_x 1918-1960
_x Kaynaklar
650 0 _aTurkey
_x Politics and government
_x 1918-1960
_x Sources
650 7 _aPOLITICAL SCIENCE / World / Middle Eastern
_2bisacsh
700 1 _aKocahanoğlu, Osman Selim
856 4 0 _uhttp://search.ebscohost.com/login.aspx?direct=true&scope=site&db=e011xww&AN=589485
999 _c1105
_d1105